000 01850nam a2200361 i 4500
003 EG-GICUC
005 20260121130441.0
008 260120s1979 ua ad||f |||| 00| 0 ara d
017 _a1979/2995
040 _a EG-GICUC
_bara
_c EG-GICUC
_d EG-GICUC
_erda
041 _aara
082 0 4 _221
_a345.6131
_bج ل . د
092 0 4 _221
099 _aLaw1 07 345.6131 ج ل . د 1979
100 0 _aجلال شمس
_eمترجم.
245 1 0 _aدليل الإدارة للمكتب المخطط المفتوح /
_cترجمة جلال شمس .
246 _aThe Planned Open Office, Aprimer for Management
264 1 _aالقاهرة :
_bالمنظمة العربية للعلوم الإدارية ،
_c1979 .
300 _a45 ؛ صفحة
_bإيضاحيات، رسوم بيانية ؛
_c24 سم
336 _2rda content
_atext
337 _2rda media
_aComputer
338 _2rda carrier
_aOnline Resource
490 _aسلسلة الفكر الإداري المعاصر
_v49
504 _a. ببليوجرافيا: صفحة 5.
505 _aيشمل هذا العرض ترجمة لكتيب بعنوان : دليل الادارة للمكتب المخطط المفتوح ، أصدرته إدارة البيئة بمديرية تطوير المباني ، بالمكتب الملكي للخدمات المكتبية بلندن عام 1971 . Depertment of the Environment, Directorate of Building Development, “ The planned open office : Aprimer for Management : (London : Her Majesty's Stationery Office, 1971).
650 1 4 _aالمنشورات وتعليمات الادارة
_2qrmak
650 1 4 _aالقانون الإداري
651 1 _2qrmak
830 _aسلسلة الفكر الإداري المعاصر
_v49
856 4 0 _uhttps://fll.law.cu.edu.eg/fulltext/bks/B07-00214.pdf
905 _a61
942 _2ddc
_cBK
_e21
_n0
999 _c58291
_d58291